| 000 | 00604nam a2200229Ia 4500 | ||
|---|---|---|---|
| 005 | 20260320201212.0 | ||
| 008 | 008 262003s9999 xx 000 0 eng d | ||
| 037 | _aEBOOK | ||
| 040 | _aCRL | ||
| 040 | _beng | ||
| 040 | _cCRL | ||
| 041 | _2eng | ||
| 041 | _aeng | ||
| 084 | _qCRL | ||
| 245 | 0 | _aUncertainty and Artificial Intelligence: Additive Manufacturing, Vibratory Control, Agro-composite, Mechatronics | |
| 260 | _bIEEE | ||
| 260 | _c2023 | ||
| 856 | _uhttps://ieeexplore.ieee.org/servlet/opac?bknumber=10950221 | ||
| 942 | _cEBOOK | ||
| 999 |
_c1719651 _d1719651 |
||